| 000 | 00471cam a2200169ua 4500 | ||
|---|---|---|---|
| 041 |
_aeng _h |
||
| 082 |
_a828.09 _bSRI/IN |
||
| 100 | _aSrinivasa Iyengar, K R . | ||
| 245 |
_aIntroduction to the study of English literature / _cK R Srinivasa Iyengar. _hTextual Documents |
||
| 250 |
_a1 / _b. |
||
| 260 |
_aNew Delhi : _bAshish Publishing House , _c1966. |
||
| 300 | _a296 ; . | ||
| 504 | _a | ||
| 700 | 1 | _aPrema, Nanda Kumar . | |
| 942 | _cBK | ||
| 999 |
_c3526 _d3526 |
||